000 00289 a2200109 4500
020 _a905410354X
082 _a624.1513 RAK
100 _aRakowski, Zikmund
245 _aGeomechanics/
_cZikmund Rakowski
260 _aNetherlands :
_bA. A. Balkema,
_c1994
300 _axiv, 460p. :
_bill. ;
_c25 cm
650 _aGeomechanics
999 _c1005
_d1005